| 000 | 01512nam a22003255i 4500 | ||
|---|---|---|---|
| 001 | 154587 | ||
| 003 | ES-MaACL | ||
| 005 | 20250814080101.0 | ||
| 008 | 960917s1881 sp f |||| | spa d | ||
| 080 | _a666.1 | ||
| 080 | _a669.4 | ||
| 080 | _a669.68 | ||
| 100 | 1 |
_aGonzález Martí, Manuel, _d1877-1972 _958787 |
|
| 245 | 1 | 0 |
_aManual del vidriero, plomero y hojalatero / _cpor D. Manuel González Martí ; precedido de un prólogo por D. Ignacio González Martí. |
| 260 |
_aMadrid : _bEst. Tip. Editorial de Gregorio Estrada, _c1881. |
||
| 300 |
_a280 p., [1] h. pleg. de lám. ; _c17 cm. |
||
| 490 | 1 | _aBiblioteca enciclopédica popular ilustrada. Sección 1ª. Artes y oficios | |
| 505 | 8 | _aPrimera parte: Conocimiento de materiales . Segunda parte: Arte del vidriero . Tercera parte: Arte del plomero y pizarrero . Cuarta parte: Arte del hojalatero . Quinta parte: Pintura . Sexta parte: Conservación y reparación de las obras | |
| 530 | _aDisponible en formato digital. | ||
| 650 | 4 |
_aVidrio. _9150481 |
|
| 650 | 4 |
_aPlomo. _9136721 |
|
| 650 | 4 |
_aHojalata. _9172763 |
|
| 700 | 1 |
_aGonzález Martí, Ignacio. _958786 |
|
| 700 | 1 |
_aEstrada, Gregorio. _9126979 |
|
| 752 |
_aEspaña - _dMadrid |
||
| 830 | 1 | 0 |
_aBiblioteca enciclopédica popular ilustrada. _pArtes y oficios _9187687 |
| 852 |
_aES-MaACL _jF-12633 _z- Enc. hol. |
||
| 856 |
_uhttps://bibliotecadigital.jcyl.es/es/consulta/registro.do?id=22697 _zBiblioteca Digital de Castilla y León |
||
| 999 |
_c154587 _d154587 |
||